000 00872cab a2200253 4500
001 ABS54131
008 090401t1995 xxu||||| |||| 00| 0 eng d
035 _a(Sirsi) u8720
041 _aeng
100 _aBrister, A.
245 _aRead all about it
260 _c1995
350 _a0
490 _aBuilding Services
_v17(12) December 1995, 16-19(4)
520 _aReports on the Interactive Window, an innovative new design which has been installed at Marston Book Services. Details its inception, construction, and benefits for those interested in an energy efficient building.
650 _aENVIRONMENTALLY-CONSCIOUS BUILDINGS
650 _aINTERACTIVE WINDOW SYSTEM
650 _aLOW ENERGY BUILDINGS
650 _aMARSTON BOOK SERVICES
650 _aWINDOW DESIGN
690 _aBUILT ENVIRONMENT-BUILDING MATERIALS
942 _n0
948 _c04/03/1997
999 _c5408
_d5408